| 000 | 00722nam a2200229 i 4500 | ||
|---|---|---|---|
| 001 | 176106 | ||
| 003 | ES-MaACL | ||
| 005 | 20250904063107.0 | ||
| 008 | 101217s2010 sp |||| | spa d | ||
| 020 | _a978-84-321-3832-4 | ||
| 080 | _a821.134.2-14"20" | ||
| 100 | 1 |
_aCastro Martín, Juan José, _d1977- _9144350 |
|
| 245 | 1 | 0 |
_aMargen de lo invisible / _cJuan José Castro Martín. |
| 250 | _a1ª ed. | ||
| 260 |
_aMadrid : _bRialp, _c2010. |
||
| 300 |
_a78 p. ; _c17 cm. |
||
| 490 | 1 |
_aAdonáis ; _v621 |
|
| 586 | _aPremio "Florentino Pérez-Embid" 2010, de la Real Academia Sevillana de Buenas Letras | ||
| 830 | 1 | 0 |
_aAdonáis _v621 _9173743 |
| 852 | 4 |
_aES-MaACL _jJ-23-621 |
|
| 999 |
_c176106 _d176106 |
||